Регионална библиотека "Любен Каравелов" - Русе

Lexikon Musikinstrumente (Запис номер 49307)

MARC детайли
000 -Лидер
Контролно поле с фиксирана дължина 01036nam a2200313 c 4500
003 - Код на организацията, давaща контролен номер
Контролно поле BLK
005 - Дата и час на последна редакция
Контролно поле 20250329160218.0
008 - Елементи от данни с фиксирана дължина
fixed length control field 180408b bul|||||r ||||||| ||bul||
010 ## - Наследен системен номер
LC control number KNG00053157000
020 ## - Международен стандартен номер на книга ISBN
Международен стандартен номер на книга ISBN 3-411-07641-0
-- издат.: Meyer Lexikonverl.
040 ## - Източник на каталожния запис
Идентификатор на билиотеката - собственик на записа BLK
041 ## - Код за език
Код за езика на текст/звукозапис или на отделно заглавие Немски
Код за езика КДБФ Немски
080 ## - УДК
Текстов определител УДК Производство на музикални инструменти
УДК код - определител по УДК 681.81
УДК определител (03)
УДК - код + определител 681.81(03)
139 ## - Редно поле
Редна дума Lexikon Musikinstrumente
Авторски знак Lew - L 63
245 10 - Сведения за заглавието
Заглавие Lexikon Musikinstrumente
257 ## - Страна на издаване
Страна на създаване/издаване Германия
260 ## - Област на издателските данни
-- Mannheim et al.
Име на издателя, разпространителя и проч. Meyer Lexikonverl.
Година на издаване 1991
300 ## - Физическа характеристика
Страници 590 c
Илюстрации и др. с ил.
Размери/Мащаб 24 cm
380 ## - Жанр
Жанр Техника
650 #7 - Допълнително описание по предмет – тема
Основно описание – тема или топоним Музикални инструменти - речници и справочници
Източник на редна или ключова дума
9 (RLIN) 163022
653 ## - Ключова дума – ненормативна
Ключова дума музикални инструменти
653 ## - Ключова дума – ненормативна
Ключова дума справочници
852 ## - Местоположение
Форматна сигнатура Цб 187828
856 4# - Електронен адрес и достъп
Електронен формат pdf - файл
Път до файла /url/
856 4# - Електронен адрес и достъп
Електронен формат pdf - файл
Път до файла /url/
942 ## - АРТИКУЛИ
Вид на библиотечния материал Книги
Скрит в OPAC Не
944 ## - СЪЗДАВАНЕ И РЕДАКЦИЯ на ЗАПИСА
Създаване/Редакция Създаване
Дата на регистрацията/редакция 01.01.1999
Служител, извършил регистрацията/редакцията 30560
Статус, дата на статуса Геновева Генчева
944 ## - СЪЗДАВАНЕ И РЕДАКЦИЯ на ЗАПИСА
Създаване/Редакция Редакция
Дата на регистрацията/редакция 28.07.2009
Служител, извършил регистрацията/редакцията
999 ## - СИСТЕМНИ КОНТРОЛНИ НОМЕРА
Koha biblionumber 49307
Koha biblioitemnumber 49307
Наличности
Код за отписване Код за изгубен артикул Източник на класификационната схема Код за повреда Коз за рестрикции Код за отдаване Артикулен № Име на библиотеката - собственик Име на библиотеката, в която се намира в момента Статус (Текущо местоположение) Дата на вписване в системата Местоположение - отдел Цена в лева Инвентарен номер Систематично азбучна сигнатура Баркод Номер на екземпляра Цена в евро Служебна бележка Служебен тип на артикула
  Не е изгубен Universal Decimal Classification Не е повреден само за читалня ползва се в читалня 77244 Регионална библиотека "Любен Каравелов" Русе Регионална библиотека "Любен Каравелов" Русе Читалня 5 - справочен фонд 2002-01-01 Читалня 5 - справочен фонд 40.00 120000904583 C5 681/L 51 120000904583 1 20.45 Дост: Da Книги
Vip Innovations Ltd, Rousse, Bulgaria 2025